000 02200cam a22004814i 4500
003 PE-LiUPU
005 20250731184539.0
008 150623s r 000 0 d
020 _a3700127359
035 _a(Sirsi) i9783700127352
040 _aPE-LiUPU
_bspa
_cPE-LiUPU
_erda
049 _aPRUA
082 0 4 _a932.01
_bE35
_221
245 0 0 _aEgypt and the Levant :
_binternational Journal for Egyptian Archaeology and Related Disciplines /
_ceditado por Manfred Bietack.
264 1 _aWien, Alemania :
_bInstitut fur Agyptologie der Universitat Wien,
_c1998.
300 _a216 páginas :
_bilustraciones, fotos, mapas, gráficos ;
_c28 centímetros
336 _atext
_2rdacontent
337 _aunmediated
_2rdamedia
338 _avolume
_2rdacarrier
490 0 _aInternational Journal for Egyptian Archaeology and Related Disciplines ;
_v8
504 _aIncluye bibliografía.
505 0 _aDer tempel und die Siedlung des Mittleren Reiches bei Ezbet Ruschdi, Grabunsvorbericht 1996. -Reliefierte Kalksteinblocke aus dem tempel der 12. Dynastie bei Ezbet Rushdi el-Saghira (Tell el-Da ba). -The Tell el-daba Paintinggs: a studie in pictorial tradition. -The Djadjawy of the Kamares cup from Tell el-Daba. -und monddaten aus dem 19. un 18. Jahrhundert cor Christi Geburt. -Zur Esfassung fer Sichbarkeitsperiode eckliptikferner Gestine. -Pottery from the valley of the Kings - Tombs of Merenptah, Ramses III, Ramsses IV, Ramesses VI and Ramesses VII.
526 _aP136
526 _aP135
526 _aP134
526 _aP133
526 _aP144
526 _aP143
526 _aP87
526 _aP35
526 _aP20
526 _aP14
526 _aP10
526 _aP06
650 0 4 _aArqueología egipcia.
700 1 _aBietak, Manfred,
_eed.
942 _2ddc
_cBOOK
949 _a932.01 E35
_wDEWEY
_c1
_i49458
_lCCODEBUL1
_mBUL
_r0
_sY
_tBOOK
_u2015-6-24
_xTEOLOGIA
_PP35
_0COMPRA
_o.STAFF. Colección General
994 _aC0
_bPEPRU
596 _a1
999 _a932.01 E35
_wDEWEY
_c29936
_i49458
_f2021-11-11
_g5
_lCCODEBUL1
_mBUL
_r0
_sY
_tBOOK
_u2015-6-24
_xTEOLOGIA
_PP35
_0COMPRA
_o.STAFF. Colección General
_d29936
980 _81
_gALBERTO SANCHEZ Responsable de Automatización